Biochemistry and biology of coronaviruses /

Bibliographic Details
Other Authors: Ter Meulen, Volker, Siddell, S., Wege, H.
Format: Book
Language:English
Published: New York : Plenum, [1981]
Series:Advances in experimental medicine and biology ; v. 142.
Subjects:

MARC

Tag First Indicator Second Indicator Subfields
LEADER 00000pam a2200000 a 4500
001 in00000091584
005 20151008064029.0
008 810921s1981 nyua b 10100 eng
010 |a  81015856  
020 |a 0306408066 
035 |a (OCoLC)07836381 
035 |9 AAK3390AM 
039 0 |a 2  |b 3  |c 3  |d 3  |e 3 
040 |a DLC  |c DLC  |d TXA  |d UtOrBLW 
049 |a TXAM  |c [1804543] 
050 0 0 |a QR399  |b .B56 
060 0 |a QW 168.5.C8 B615 1980 
082 0 |a 616/.0194  |2 19 
245 0 0 |a Biochemistry and biology of coronaviruses /  |c edited by V. ter Meulen, S. Siddell, and H. Wege. 
264 1 |a New York :  |b Plenum,  |c [1981] 
264 4 |c ©1981 
300 |a x, 438 pages :  |b illustrations ;  |c 26 cm. 
336 |a text  |b txt  |2 rdacontent 
337 |a unmediated  |b n  |2 rdamedia 
338 |a volume  |b nc  |2 rdacarrier 
490 1 |a Advances in experimental medicine and biology ;  |v v. 142 
500 |a "Proceedings of an international Symposium held in October 1980 at the Institute of Virology and Immunobiology of the University of Wurzburg, FRG" -- Title page verso. 
504 |a Includes bibliographical references and index. 
650 0 |a Coronaviruses  |x Congresses. 
650 2 |a Coronaviridae  |x Congresses. 
650 2 |a Coronavirus Infections  |x pathology  |x Congresses. 
700 1 |a Ter Meulen, Volker. 
700 1 |a Siddell, S. 
700 1 |a Wege, H. 
830 0 |a Advances in experimental medicine and biology ;  |v v. 142. 
999 |a MARS 
999 f f |s eac472bf-86cf-39ac-a5dd-ba2062b8ee96  |i 6c3c2707-df5f-39a4-bfa7-86d1f27c81ef  |t 0 
952 f f |p ric  |a Texas A&M University  |b Rellis Campus  |c Joint Library Facility  |d Remote Storage  |t 0  |e QR399 .B56  |h Library of Congress classification  |i unmediated -- volume  |m A14806226562 
998 f f |a QR399 .B56  |t 0  |l Remote Storage